Melhores Prt̀icas na Gestô de Departamentos Jurd̕icos Vol. II

Detalles Bibliográficos
Autor principal: Cardoso de Alcantara, Jos ̌Nilton
Otros Autores: Correa Dieguez, Sara Cristina de Lima
Formato: eBook
Lenguaje:portugués
Publicado: San Pablo: Letras Jurídicas Editora, 2018
Materias:
Acceso en línea:Acceso restringido

MARC

LEADER 00000nam a22000007a 4500
005 2020072303413.0
007 cr|||| |||
008 200723s2018 br |||||s|||| 00||0 por d
020 |a 978-85-8248-135-6 
035 |a 31808 
040 |a vLex 
090 |c 10696  |d 10696 
100 1 |a Cardoso de Alcantara, Jos ̌Nilton 
245 1 0 |a Melhores Prt̀icas na Gestô de Departamentos Jurd̕icos  |h [Recurso electrn̤ico] /  |c Jos ̌Nilton Cardoso de Alcantara, Sara Cristina de Lima Correa Dieguez  |n Vol. II 
256 |a Servicio en ln̕ea 
260 |a San Pablo:  |b Letras Jurídicas Editora,  |c 2018 
300 |a 1 recurso electrn̤ico 
500 |a Apresentaȯ̂ O FDJUR - Fr̤um de Departamentos Jurd̕icos foi criado em marȯ de 2008 e sempre manteve como seus maiores objetivos disseminar modelos e ferramentas de gestô e incentivar os associados a troca de conhecimento e experin̊cias. A criaȯ̂ do Prm̊io de Melhores Prt̀icas na Gestô de Departamentos Jurd̕icos, em 2015, foi a forma encontrada para distinguir os melhores projetos desenvolvidos pelos departamentos jurd̕icos de empresas dentro do cenr̀io nacional e valorizar o trabalho dos profissionais dessa r̀ea. Os principais objetivos desta premiaȯ̂ sô: reconhecer a exceln̊cia profissional; estimular a criaȯ̂ de prt̀icas inovadoras; promover o aprimoramento do setor e disseminar boas prt̀icas para o mercado jurd̕ico. 
506 1 |a Disponible solo en los productos indicados  |d vLex Global  |d vLex Global (Academic Edition, excluding Law Schools)  |d vLex Global (U.S. Academic Edition, Law Schools)  |d vLex Global (U.S. Academic Edition, excluding Law Schools)  |d vLex Global (Academic Edition, Law Schools) 
650 0 4 |a Derecho Pb︢lico y Administrativo  |z Brasil 
700 1 |a Correa Dieguez, Sara Cristina de Lima 
740 0 |a vLex Libros (Servicio en ln̕ea) 
856 4 0 |u http://vlex.com/source/melhores-praticas-na-gest-o-de-departamentos-juridicos-vol-ii-31808  |z Acceso restringido 
942 |c BOOK 
999 0 |a Public and Administrative Law